000 00870nam a2200301 i 4500
001 5610
003 BD-RjUL
005 20211208234109.0
008 160625r19761974enk 00110 eng d
020 _a0712113776
035 _a(BD-RjUL)5649
040 _aBD-RjUL
_beng
_cBD-RjUL
_dBD-RjUL
041 _aeng
082 0 0 _a332.4941
_bHAM 1976
100 1 0 _aHanson, J. L.,
_q(John Lloyd),
_d1903-
_917603
245 1 0 _aMonetary theory and practice /
_cby J. L. Hanson.
250 _a5th ed.
260 0 _aLondon :
_bMacdonald and Evans,
_c1974 [reprinted 1976].
300 _axiv, 330 p. ;
_c22 cm.
504 _aIncludes index.
650 0 _aMoney.
_917604
650 0 _aMoney
_zGreat Britain.
_917605
650 0 _aInternational finance.
_917606
650 0 _aBanks and banking.
_917607
942 _2ddc
_cBK
999 _c5610
_d5610